000 00343nam a22001457a 4500
005 20170409141627.0
008 170409b xxu||||| |||| 00| 0 eng d
020 _a978-81-237-0752-5
041 _aeng
100 _aJAIN, S.K.
_93845
245 _aMEDICINAL PLANTS
260 _aINDIA
_bNATIONAL BOOK TRUST
_c1968
300 _a216
942 _cBK
999 _c5442
_d5440